|
|
|
|
| LEADER |
00000nam0a2200000 4500 |
| 001 |
253990 |
| 005 |
20231101232908.0 |
| 020 |
|
|
|a RU
|b 80-75541
|
| 035 |
|
|
|a (RuTPU)RU\TPU\book\276411
|
| 090 |
|
|
|a 253990
|
| 100 |
|
|
|a 20140318d1980 m y0rusy5003 ca
|
| 101 |
0 |
|
|a rus
|
| 102 |
|
|
|a RU
|
| 105 |
|
|
|a a j 000zy
|
| 200 |
1 |
|
|a Основы общей химии
|e учебное пособие по факультативному курсу для учащихся IX классов
|f Ю. Д. Третьяков, Ю. Г. Метлин
|
| 210 |
|
|
|a Москва
|c Просвещение
|d 1980
|
| 215 |
|
|
|a 158 с.
|c ил.
|d 21 см.
|
| 606 |
1 |
|
|a Химия общая
|2 stltpush
|3 (RuTPU)RU\TPU\subj\67862
|9 83510
|
| 610 |
1 |
|
|a учебные пособия
|
| 610 |
1 |
|
|a атомно-молекулярное учение
|
| 610 |
1 |
|
|a химические законы
|
| 610 |
1 |
|
|a атомы
|
| 610 |
1 |
|
|a молекулы
|
| 610 |
1 |
|
|a химическое строение
|
| 610 |
1 |
|
|a химическая энергетика
|
| 610 |
1 |
|
|a химическая кинетика
|
| 610 |
1 |
|
|a химическое равновесие
|
| 610 |
1 |
|
|a дисперсные системы
|
| 610 |
1 |
|
|a металлы
|
| 610 |
1 |
|
|a неметаллы
|
| 675 |
|
|
|a 54(07)
|z rus
|
| 700 |
|
1 |
|a Третьяков
|b Ю. Д.
|g Юрий Дмитриевич
|4 070
|
| 701 |
|
1 |
|a Метлин
|b Ю. Г.
|g Юрий Глебович
|4 070
|
| 801 |
|
0 |
|a RU
|b RuMRKP
|c 19950704
|g psbo
|
| 801 |
|
1 |
|a RU
|b 63413507
|c 20140318
|
| 801 |
|
2 |
|a RU
|b 63413507
|c 20190829
|g RCR
|
| 942 |
|
|
|c BK
|